| 000 | 00801 a2200253 4500 | ||
|---|---|---|---|
| 003 | Nust | ||
| 005 | 20170207154018.0 | ||
| 010 | _a 97002147 | ||
| 020 | _a0201896834 (v. 1 : acid-free paper) | ||
| 020 | _a0201896842 (v. 2 : acid-free paper) | ||
| 020 | _a0201896850 (v. 3 : acid-free paper) | ||
| 040 | _cNust | ||
| 082 | 0 | 0 | _a005.1 |
| 100 | 1 | _aKnuth, Donald Ervin, | |
| 245 | 1 | 4 |
_aThe art of computer programming -(E-BOOK) _cDonald E. Knuth. |
| 250 | _a3rd ed. | ||
| 260 |
_aReading, Mass. : _bAddison-Wesley, _cc1997. |
||
| 300 |
_a3 v. : _bill. ; _c24 cm. |
||
| 500 | _aIncludes indexes. | ||
| 505 | 1 | _av. 1. Fundamental algorithms -- v. 2. Seminumerical algorithms -- v. 3. Sorting and searching. | |
| 650 | 0 | _aComputer algorithms. | |
| 650 | 0 | _aComputer programming. | |
| 651 | _aE-BOOK | ||
| 942 |
_2ddc _cBK |
||
| 999 |
_c191552 _d191552 |
||